The march of folly : from Troy to Vietnam (Record no. 62781)

000 -LEADER
fixed length control field 00687nam a22002057a 4500
003 - CONTROL NUMBER IDENTIFIER
control field NUST - PNEC
005 - DATE AND TIME OF LATEST TRANSACTION
control field 20170116180757.0
008 - FIXED-LENGTH DATA ELEMENTS--GENERAL INFORMATION
fixed length control field 150407b xxu||||| |||| 00| 0 eng d
020 ## - INTERNATIONAL STANDARD BOOK NUMBER
International Standard Book Number 9780349106748
040 ## - CATALOGING SOURCE
Transcribing agency LIBRARY
082 ## - DEWEY DECIMAL CLASSIFICATION NUMBER
Classification number 909.08 TUC
100 ## - MAIN ENTRY--PERSONAL NAME
9 (RLIN) 2163
Personal name Tuchman Barbara W
245 ## - TITLE STATEMENT
Title The march of folly : from Troy to Vietnam
Statement of responsibility, etc. Barbara W Tuchman
260 ## - PUBLICATION, DISTRIBUTION, ETC.
Place of publication, distribution, etc. London :
Name of publisher, distributor, etc. Abacus,
Date of publication, distribution, etc. c1997.
300 ## - PHYSICAL DESCRIPTION
Extent 559 p. :
500 ## - GENERAL NOTE
General note Includes index.
650 ## - SUBJECT ADDED ENTRY--TOPICAL TERM
9 (RLIN) 2164
Topical term or geographic name entry element History, Modern
General subdivision General, History
856 ## - ELECTRONIC LOCATION AND ACCESS
Uniform Resource Identifier <a href="http://www.amazon.com/March-Folly-Troy-Vietnam/dp/B008MZS822/ref=sr_1_1?s=books&ie=UTF8&qid=1428394363&sr=1-1&keywords=9780349106748">http://www.amazon.com/March-Folly-Troy-Vietnam/dp/B008MZS822/ref=sr_1_1?s=books&ie=UTF8&qid=1428394363&sr=1-1&keywords=9780349106748</a>
942 ## - ADDED ENTRY ELEMENTS (KOHA)
Source of classification or shelving scheme
Koha item type Book
Holdings
Withdrawn status Lost status Source of classification or shelving scheme Damaged status Not for loan Permanent Location Current Location Shelving location Date acquired Source of acquisition Cost, normal purchase price Total Checkouts Full call number Barcode Date last seen Cost, replacement price Price effective from Koha item type
          Pakistan Navy Engineering College (PNEC) Pakistan Navy Engineering College (PNEC)   03/24/2015 ZS Dictionary Shop / Library Grant 1841.00   909.08 TUC PNECLIB-032107 04/07/2015 1841.00 03/24/2015 Book
© 2023 Central Library, National University of Sciences and Technology. All Rights Reserved.